Responses for show #3360 - Friday, March 26, 1999

Contestants

Beth Slattery, a college admissions officer originally from Brockton, Massachusetts

Dane Bevan, a facilities manager from Portland, Oregon

Ajuan Mance, an English professor from Eugene, Oregon (whose 1-day cash winnings total $5,801)

Jeopardy! Round responses

AFTER THE WHITE HOUSE
JEFF GOLDBLUM FILMS
EPITAPHS
"DAY" OR "NIGHT"
PIGS
FEET
(Alex: I don't know what that means!)
    $100 9
Andrew Johnson

Beth
    $100 2
(A: What is...[time]?)

Jurassic Park

AjuanDane
    $100 26
Thomas Jefferson

Ajuan
    $100 1
Night owl

Beth
    $100 7
The Three Little Pigs

Dane
    $100 16
Heel

Dane
    $200 10
John Quincy Adams

Beth
    $200 3
Annie Hall

Ajuan
    $200 27
Edgar Allan Poe

Ajuan
    $200 15
DayGlo

Dane
    $200 8
Pig Latin

Beth
    $200 17
Flat feet

Ajuan
    $300 11
Andrew Jackson

Dane
    $300 4
The Fly

Ajuan
    $300 28
Billy the Kid

Dane
    $300 18
Nightmare

Ajuan
    $300 12
China

Dane
    $300 21
Feet of clay

Dane
    $400 23
Herbert Hoover

Triple Stumper
    $400 5
Holy Man

Beth
    $1,000 29
(D: Who is Richard Nixon?)

Roger Maris

Dane
    $400 19
Daybreak

Ajuan
    $400 13
Piglet

Ajuan
    $400 22
Toes

Beth
    $500 24
Habitat for Humanity

Ajuan
    $500 6
(A: What is "Buckaroo Banzai?")

Earth Girls Are Easy

AjuanDane
    $500 30
Mel Blanc

Dane
    $500 20
Daytona 500

Dane
    $500 14
High on the hog

Ajuan
    $500 25
Pedestrian

Dane

Scores at the first commercial break (after clue 15):

Ajuan Dane Beth
$800 $1,500 $1,000

Scores at the end of the Jeopardy! Round:

Ajuan Dane Beth
$2,500 $2,700 $1,400

Double Jeopardy! Round responses

TOWNS & CITIES
POP MUSIC
GRAB BAG
ENDS IN "UM"
CEDERS
(Alex: A brief word about "Ceders"; it's spelled differently there: this whole category has to do with people who have ceded something; given up something.)
SINAI
    $200 6
Pierre

Beth
    $200 1
Dire Straits

Ajuan
    $200 11
Doc Holliday

Dane
    $200 16
Museum

Dane
    $200 26
Sicily

Dane
    $200 21
Lawrence

Dane
    $400 7
San Juan Capistrano

Beth
    $400 2
Madonna

Dane
    $400 12
Amber

Beth
    $400 17
Quorum

Ajuan
    $400 27
Canada

Beth
    $400 22
Exodus

Ajuan
    $600 8
St. Augustine

Ajuan
    $1,000 3
Menudo

Dane
    $600 13
Trivia

Beth
    $600 18
Aquarium

Beth
    $600 28
Yosemite

Dane
    $600 23
Bedouins

Ajuan
    $1,000 9
(A: What is Rensselaer?)

Cooperstown

Ajuan
    $800 4
Bette Midler

Beth
    $800 14
Albert Einstein

Beth
    $800 19
Lithium

Dane
    $800 29
Sudetenland

Triple Stumper
    $800 24
(D: What is brass?)

Copper

Dane
Triple Stumper
    $1000 10
Nauvoo

Triple Stumper
    $1000 5
(A: What is Bachman-Turner Overdrive or BTO?)

Grand Funk Railroad

Ajuan
Triple Stumper
    $1000 15
"1984"

Triple Stumper
    $1000 20
Fulcrum

Dane
    $1000 30
Guam

Dane
    $1000 25
(D: What are the Mideast Peace Accords?)
(Alex: There have been many Mideast Peace Accords.)

Camp David Accords

Dane
Triple Stumper

Scores at the end of the Double Jeopardy! Round:

Ajuan Dane Beth
$2,700 $6,500 $5,600

[wagering suggestions for these scores]

Final Jeopardy! Round responses

AMERICAN HISTORY
AjuanWho is Th
$0
BethWho was Clay?
$3,700
DaneWho was Teddy Roos
$4,701
James Gadsden

Final scores:

Ajuan Dane Beth
$2,700 $1,799 $1,900
2-day champion: $8,501 3rd place: Oz Airlines Balloon Flight over Southern California 2nd place: Techmedia Computer System & CardScan Plus Scanner

Game dynamics:

Coryat scores:

Ajuan Dane Beth
$3,700 $7,100 $5,600
15 R,
4 W
(including 1 DD)
22 R
(including 1 DD),
3 W
(including 1 DD)
14 R,
0 W

Combined Coryat: $16,400

The J! Archive is created by fans, for fans. The Jeopardy! game show and all elements thereof, including but not limited to copyright and trademark thereto, are the property of Jeopardy Productions, Inc. and are protected under law. This website is not affiliated with, sponsored by, or operated by Jeopardy Productions, Inc. Join the discussion at JBoard.tv.